[Event "World Blitz Women 2017"]
[Site "Riyadh KSA"]
[Date "2017.12.30"]
[Round "18.1"]
[White "Ushenina, Anna"]
[Black "Dzagnidze, Nana"]
[Result "0-1"]
[WhiteTitle "GM"]
[BlackTitle "GM"]
[WhiteElo "2416"]
[BlackElo "2522"]
[WhiteFideId "14110911"]
[BlackFideId "13601903"]
[EventDate "2017.12.29"]

1. d4 Nf6 2. Nf3 e6 3. Bf4 b6 4. e3 Bb7 5. Nbd2 g6 6. h3 Bg7 7. Bd3 O-O 8. O-O
d6 9. e4 c5 10. c3 cxd4 11. cxd4 Nc6 12. Nc4 d5 13. Nd6 dxe4 14. Nxb7 Qd7 15.
Bb5 Qxb7 16. Ne5 Nxe5 17. Bxe5 Nd5 18. Re1 a6 19. Bf1 f5 20. Bxg7 Kxg7 21. f3
Nf6 22. Qb3 Rad8 23. Rad1 Rd6 24. Bc4 b5 25. Bxe6 Re8 26. d5 Qb6+ 27. Kh1 Qf2
28. Rf1 Qb6 29. Qc3 Qd8 30. fxe4 Rexe6 31. e5 Rxd5 32. exf6+ Rxf6 33. Rxd5 Qxd5
34. Re1 Qd6 35. a3 Kg8 36. Qc8+ Rf8 37. Qc3 Qd7 38. Qe5 Qf7 39. Qd6 Qf6 40. Qd2
Rd8 41. Qb4 Qf7 42. Qc5 Qd7 43. Qe5 Qd6 44. Qe3 Kg7 45. Qc3+ Kg8 46. Qe3 Rd7 47.
Qe8+ Kg7 48. Qe3 Qd4 49. Qb3 Qf6 50. Qb4 Rc7 51. Qd2 Re7 52. Rd1 Qe5 53. Qb4 Qe6
54. Qd4+ Qf6 55. Qb4 f4 56. Rf1 Rf7 57. Qd2 Qe5 58. Qb4 h5 59. Qd2 Qe4 60. Qd6
f3 61. gxf3 Rxf3 62. Rxf3 Qxf3+ 63. Kg1 Qxh3 64. Qxa6 Qg3+ 65. Kf1 Qd3+ 66. Kg1
Qb1+ 67. Kg2 Qxb2+ 68. Kg1 Qd4+ 69. Kf1 Qd3+ 70. Kg2 h4 71. Qb7+ Kh6 72. Qe7
Qg3+ 73. Kf1 Qf3+ 74. Kg1 Qg3+ 75. Kf1 Qf4+ 76. Ke2 h3 77. Qe8 h2 78. Qh8+ Kg5
79. Qd8+ Kg4 80. Qd7+ Kh4 81. Qh7+ Kg3 82. Qxg6+ Qg4+ 0-1

[Event "World Blitz Women 2017"]
[Site "Riyadh KSA"]
[Date "2017.12.30"]
[Round "18.2"]
[White "Kulon, Klaudia"]
[Black "Cramling, Pia"]
[Result "1/2-1/2"]
[WhiteTitle "WGM"]
[BlackTitle "GM"]
[WhiteElo "2370"]
[BlackElo "2450"]
[WhiteFideId "1131044"]
[BlackFideId "1700030"]
[EventDate "2017.12.29"]

1. c4 e6 2. g3 d5 3. Bg2 Nf6 4. Qc2 dxc4 5. Qxc4 Be7 6. Nf3 c5 7. O-O Nc6 8. d3
O-O 9. a3 e5 10. Bg5 Be6 11. Qc1 Rc8 12. Nbd2 Nd5 13. Bxe7 Qxe7 14. Nc4 f6 15.
a4 Nd4 16. Nxd4 cxd4 17. Qd2 b6 18. Rfc1 Rc7 19. Na3 Rfc8 20. Nb5 Rc5 21. h4 a6
22. Na3 Qc7 23. Rc4 Ne7 24. b4 Rxc4 25. dxc4 Bxc4 26. Rc1 b5 27. axb5 axb5 28.
Nxb5 Qd7 29. Na3 Bxe2 30. Rxc8+ Qxc8 31. Qxe2 Qc1+ 32. Kh2 Qxa3 33. Qc4+ Kf8 34.
b5 Qb2 35. Kg1 Qb1+ 36. Kh2 Qb2 37. Kg1 Qb1+ 38. Bf1 Qb2 39. Qc5 e4 40. Qc4 e3
41. fxe3 dxe3 42. Be2 Qb1+ 43. Bf1 Qb2 44. Be2 Qb1+ 45. Bf1 Qb2 46. Be2 Qb1+ 47.
Bf1 Qb2 48. Qe2 Qxe2 49. Bxe2 Nd5 50. Bf3 Nb6 51. Kf1 Ke7 52. Ke2 Kd6 53. Kxe3
Kc5 54. Bc6 Nc4+ 55. Kf4 Nd6 56. Bd7 Nxb5 57. Kf5 Nd4+ 58. Kg4 Kd6 59. Ba4 Ke5
60. Bd1 Nf5 61. Bb3 Nh6+ 62. Kf3 g5 63. hxg5 fxg5 64. Bc2 Nf5 65. Kg4 Ne3+ 66.
Kxg5 Nxc2 67. Kh6 Ne3 68. Kxh7 1/2-1/2

[Event "World Blitz Women 2017"]
[Site "Riyadh KSA"]
[Date "2017.12.30"]
[Round "18.3"]
[White "Gunina, Valentina"]
[Black "Abdumalik, Zhansaya"]
[Result "1-0"]
[WhiteTitle "GM"]
[BlackTitle "IM"]
[WhiteElo "2510"]
[BlackElo "2449"]
[WhiteFideId "4167570"]
[BlackFideId "13703544"]
[EventDate "2017.12.29"]

1. e4 e5 2. Nf3 Nc6 3. Bc4 Bc5 4. O-O d6 5. d3 Nf6 6. c3 a6 7. a4 h6 8. Nbd2 O-O
9. h3 Re8 10. Re1 Be6 11. Bxe6 Rxe6 12. Nf1 d5 13. Qc2 Qd7 14. Be3 Bf8 15. Rad1
Ree8 16. Ng3 Rad8 17. Nf5 Kh7 18. Bc1 g6 19. Ng3 dxe4 20. dxe4 Qe6 21. Nf1 Na5
22. Ne3 Nc6 23. b4 Rd6 24. Rxd6 Bxd6 25. Rd1 Bf8 26. Nd5 Bd6 27. b5 axb5 28.
axb5 Ne7 29. c4 c6 30. Nxf6+ Qxf6 31. c5 Bb8 32. b6 Qe6 33. Be3 Ng8 34. Qd2 Nf6
35. Bxh6 Nxe4 36. Qe3 f5 37. Ng5+ Nxg5 38. Bxg5 e4 39. Bf4 Bxf4 40. Qxf4 Re7 41.
Rd8 Kg7 42. Qh4 Re8 43. Rd6 Qe7 44. Qg3 Qf7 45. h4 Re6 46. Rd8 f4 47. Qg5 e3 48.
Rd1 e2 49. Re1 f3 50. gxf3 Qxf3 51. Qg3 Qd5 52. Qc7+ Kh6 53. Qf4+ Kg7 54. Qc7+
Kf6 55. Qf4+ Kg7 56. Qc7+ Kh6 57. Qf4+ Kh5 58. f3 Qxc5+ 59. Kg2 g5 60. Qf7+ Rg6
61. Qh7+ Rh6 62. Qf7+ Rg6 63. Qh7+ Rh6 64. Qe4 gxh4 65. Qg4# 1-0

[Event "World Blitz Women 2017"]
[Site "Riyadh KSA"]
[Date "2017.12.30"]
[Round "18.4"]
[White "Ju, Wenjun"]
[Black "Tan, Zhongyi"]
[Result "1/2-1/2"]
[WhiteTitle "GM"]
[BlackTitle "GM"]
[WhiteElo "2567"]
[BlackElo "2517"]
[WhiteFideId "8603006"]
[BlackFideId "8603642"]
[EventDate "2017.12.29"]

1. Nf3 Nf6 2. g3 d5 3. Bg2 c5 4. O-O Nc6 5. d4 e6 6. c4 dxc4 7. dxc5 Qxd1 8.
Rxd1 Bxc5 9. Nbd2 c3 10. bxc3 O-O 11. Nb3 Be7 12. Nfd4 Nxd4 13. cxd4 Nd5 14. Bd2
f5 15. Na5 Bf6 16. e3 b6 17. Nc6 Bb7 18. Nb4 Rfd8 19. Rac1 Rac8 20. Kf1 Kf7 21.
Nxd5 Bxd5 22. Bxd5 exd5 23. Ke2 Be7 24. Kd3 Ba3 25. Rxc8 Rxc8 26. f3 Ke6 27. Re1
Be7 28. e4 fxe4+ 29. fxe4 Bf6 30. e5 Be7 31. Rb1 Rc4 32. Bc3 Ra4 33. Rb2 Ra3 34.
h3 Kd7 35. g4 Kc6 36. Rc2 Kd7 37. Rb2 a5 38. Rb3 Rxb3 39. axb3 Bd8 40. Bd2 Ke6
41. Be3 Be7 42. Bd2 h6 43. Bc3 Bf8 1/2-1/2

[Event "World Blitz Women 2017"]
[Site "Riyadh KSA"]
[Date "2017.12.30"]
[Round "18.6"]
[White "Stefanova, Antoaneta"]
[Black "Lagno, Kateryna"]
[Result "0-1"]
[WhiteTitle "GM"]
[BlackTitle "GM"]
[WhiteElo "2500"]
[BlackElo "2547"]
[WhiteFideId "2902257"]
[BlackFideId "14109336"]
[EventDate "2017.12.29"]

1. d4 Nf6 2. Nf3 g6 3. g3 Bg7 4. Bg2 O-O 5. O-O d6 6. c4 Nbd7 7. Qc2 e5 8. Rd1
Qe7 9. Nc3 c6 10. b3 Re8 11. Ba3 e4 12. Ng5 e3 13. f4 Nf8 14. h3 Bf5 15. Qc1 h6
16. Nf3 N8h7 17. Kh2 g5 18. fxg5 hxg5 19. Rf1 Bg6 20. Ne5 Bh5 21. g4 Qc7 22. Nf3
Bg6 23. Qe1 d5+ 24. Kg1 dxc4 25. bxc4 Ne4 26. Nxe4 Bxe4 27. Rd1 Rad8 28. Bb2 c5
29. Ne5 Bxg2 30. Kxg2 cxd4 31. Nf3 Qxc4 32. Rd3 Qxa2 33. Bxd4 Bxd4 34. Nxd4 Qd5+
35. Kg1 Qe5 36. Rf5 Qe4 37. Qb4 Rc8 38. Rd1 Qe7 39. Qb3 Rcd8 40. Rdf1 Rxd4 41.
Rxf7 Qe6 42. Qxb7 Qg6 43. Qxa7 Rd1 44. Rxd1 Qxf7 45. Rd7 Qf2+ 46. Kh1 Qf1+ 47.
Kh2 Qxe2+ 48. Kh1 Qf1+ 49. Kh2 Qf2+ 50. Kh1 Qf3+ 51. Kh2 Qe4 52. Qa2+ Kh8 53.
Qb2+ Qe5+ 0-1

[Event "World Blitz Women 2017"]
[Site "Riyadh KSA"]
[Date "2017.12.30"]
[Round "18.7"]
[White "Lei, Tingjie"]
[Black "Michna, Marta"]
[Result "1/2-1/2"]
[WhiteTitle "GM"]
[BlackTitle "WGM"]
[WhiteElo "2528"]
[BlackElo "2377"]
[WhiteFideId "8605114"]
[BlackFideId "1106686"]
[EventDate "2017.12.29"]

1. Nf3 d6 2. d4 g6 3. b3 Bg7 4. Bb2 c5 5. c4 Nc6 6. e3 Nh6 7. Nc3 cxd4 8. exd4
Bg4 9. Be2 Qa5 10. Rc1 Bxf3 11. Bxf3 O-O 12. O-O Nxd4 13. Bxb7 Rab8 14. Be4 Nhf5
15. Kh1 e6 16. Bd3 Rfd8 17. Re1 Nh4 18. Qg4 Nhf5 19. Na4 h5 20. Qd1 Bh6 21. Bc3
Qc7 22. Rb1 Bg7 23. Bf1 Qb7 24. Qd3 Nc6 25. Bxg7 Kxg7 26. Nc3 Ne5 27. Qd2 Ng4
28. h3 Nf6 29. Qb2 Kg8 30. Nb5 Ne4 31. Nd4 d5 32. Nxf5 exf5 33. cxd5 Rxd5 34.
Rbd1 Rbd8 35. Rxd5 Rxd5 36. f3 Rd2 37. Qe5 Nf2+ 38. Kh2 Qd7 39. Qb8+ Kg7 40.
Qe5+ Kh7 41. Qe7 Nd1 42. Qxd7 Rxd7 43. Bc4 Nc3 44. a4 a5 45. Re5 Ra7 46. Rc5 Na2
47. Rb5 Kg7 48. Rb6 Nb4 49. Kg3 Nc2 50. Kf2 h4 51. Ke2 Nb4 52. Ke3 g5 53. f4 g4
54. hxg4 fxg4 55. Rb5 Re7+ 56. Kf2 g3+ 57. Kf3 Nc2 58. Rxa5 Ne1+ 59. Kg4 Nxg2
60. Rg5+ Kf8 61. Kh3 Nxf4+ 62. Kxh4 g2 63. a5 Re1 64. a6 g1=Q 65. Rxg1 Rxg1 66.
b4 Ng6+ 67. Kh3 Ne5 68. Bd5 Rb1 69. a7 Ra1 70. a8=Q+ Rxa8 71. Bxa8 Ke7 72. Kg3
Kd6 73. Be4 Nc4 74. Kf4 Nd2 75. Bd3 Nb3 76. Ke3 Kd5 77. Ba6 f5 78. Kd3 Nd4 79.
Bc4+ Ke5 80. Bg8 f4 81. Bc4 f3 82. Ke3 Nc2+ 83. Kxf3 Nxb4 1/2-1/2

[Event "World Blitz Women 2017"]
[Site "Riyadh KSA"]
[Date "2017.12.30"]
[Round "18.8"]
[White "Krush, Irina"]
[Black "Padmini, Rout"]
[Result "1/2-1/2"]
[WhiteTitle "GM"]
[BlackTitle "IM"]
[WhiteElo "2431"]
[BlackElo "2324"]
[WhiteFideId "2012782"]
[BlackFideId "5029295"]
[EventDate "2017.12.29"]

1. c4 e5 2. e3 Nf6 3. Nc3 Bb4 4. Qc2 Bxc3 5. Qxc3 Qe7 6. Nf3 Nc6 7. d3 O-O 8. a3
a5 9. b3 d5 10. cxd5 Nxd5 11. Qc2 Nb6 12. Bb2 Bf5 13. Be2 Rad8 14. O-O Rd7 15.
Nd2 Rfd8 16. e4 Be6 17. Rac1 Nc8 18. Qc5 Qxc5 19. Rxc5 f6 20. Rfc1 Rd6 21. Nc4
Bxc4 22. R5xc4 N8e7 23. g3 Kf7 24. Kg2 g6 25. b4 axb4 26. axb4 b5 27. Rc5 Nxb4
28. Rxb5 Nxd3 29. Bxd3 Rxd3 30. Rxc7 R8d7 31. Rxd7 Rxd7 32. Bc1 Nc6 33. Be3 Nd4
34. Bxd4 Rxd4 35. Rb7+ Ke6 36. Kf3 Rd3+ 37. Ke2 Rd7 38. Rb6+ Ke7 39. Ke3 1/2-1/2

[Event "World Blitz Women 2017"]
[Site "Riyadh KSA"]
[Date "2017.12.30"]
[Round "18.9"]
[White "Zhu, Chen"]
[Black "Goryachkina, Aleksandra"]
[Result "1/2-1/2"]
[WhiteTitle "GM"]
[BlackTitle "WGM"]
[WhiteElo "2423"]
[BlackElo "2486"]
[WhiteFideId "8600546"]
[BlackFideId "4147103"]
[EventDate "2017.12.29"]

1. e4 Nf6 2. e5 Nd5 3. d4 d6 4. Nf3 Bf5 5. Be2 e6 6. O-O dxe5 7. Nxe5 Bd6 8. Nc4
O-O 9. Nxd6 cxd6 10. c4 Nf6 11. Nc3 Nc6 12. Be3 Bg6 13. Rc1 a6 14. Re1 Rc8 15.
h3 h6 16. a3 d5 17. c5 Re8 18. Bf4 Nd7 19. Bf3 Bf5 20. b4 Qf6 21. Ne2 Be4 22.
Bxe4 dxe4 23. Bd6 Rcd8 24. Qc2 Nxd4 25. Qxe4 Nc6 26. Ng3 e5 27. Rc3 Qe6 28. Nf5
Nf6 29. Qf3 e4 30. Qf4 Nd5 31. Qg4 g6 32. Rg3 Kh7 33. Ne3 Nxe3 34. Rgxe3 f5 35.
Qg3 Nd4 36. Rd1 Qc4 37. Kh2 Nb5 38. h4 Qe6 39. Qf4 Rd7 40. a4 Nxd6 41. cxd6 Red8
42. Rc3 g5 43. hxg5 Rxd6 44. Rc7+ Kh8 45. Rxd6 Rxd6 46. gxh6 Qxh6+ 47. Qxh6+
Rxh6+ 48. Kg3 Rb6 49. Rc4 Kg7 50. Kf4 Kf6 51. Rd4 Kg6 52. g4 fxg4 53. Kxg4 Re6
54. Kf4 Rf6+ 55. Ke3 Rf3+ 56. Ke2 Ra3 57. a5 Kf5 58. Rd7 Ra2+ 59. Ke3 Ra3+ 60.
Ke2 Ra2+ 61. Kf1 Kf4 62. Rxb7 Rb2 63. Rb6 Kf3 64. Rf6+ Kg4 65. Rxa6 Rxb4 66. Rf6
Kg5 67. Rb6 Ra4 68. a6 Ra2 69. Ke1 Kf5 70. Rh6 Ke5 71. Kf1 Kd5 72. Kg1 Kc5 73.
Kf1 Kb5 74. Re6 Kc5 75. Rxe4 Rxa6 76. Ke2 Kd5 77. Re8 Ra3 78. Kf1 Kd6 79. Kg2
Kd7 80. Re1 Kd6 81. f3 Ra8 82. Kg3 Rg8+ 83. Kf4 Rf8+ 84. Kg4 Rg8+ 85. Kh4 Rh8+
86. Kg3 Rg8+ 87. Kf2 Kd7 88. f4 Re8 89. Rd1+ Ke7 90. Kf3 Kf7 91. Kg4 Re6 92.
Rd7+ Ke8 93. Ra7 Rb6 94. Kg5 Kf8 95. Rc7 Rb5+ 96. Kf6 Rb6+ 97. Ke5 Rb5+ 98. Ke6
Rb6+ 99. Kf5 Rb5+ 100. Kg4 Ra5 101. f5 Ra6 102. Kg5 Rb6 103. Rc8+ Kf7 104. Rc7+
Kf8 105. Rh7 Ra6 106. Rb7 Rc6 107. Kf4 Ra6 108. Ke5 Ra5+ 109. Kf6 Ra6+ 110. Kg5
Rc6 111. Rh7 Ra6 112. Rh6 Rxh6 113. Kxh6 Kf7 114. Kg5 Kg7 1/2-1/2

[Event "World Blitz Women 2017"]
[Site "Riyadh KSA"]
[Date "2017.12.30"]
[Round "18.10"]
[White "Charochkina, Daria"]
[Black "Nechaeva, Marina"]
[Result "1/2-1/2"]
[WhiteTitle "IM"]
[BlackTitle "IM"]
[WhiteElo "2317"]
[BlackElo "2424"]
[WhiteFideId "4180917"]
[BlackFideId "4149351"]
[EventDate "2017.12.29"]

1. d4 d5 2. c4 c6 3. Nc3 Nf6 4. Nf3 e6 5. Bg5 Nbd7 6. e3 Qa5 7. Nd2 Bb4 8. Qc2
O-O 9. Be2 c5 10. O-O cxd4 11. exd4 h6 12. Bh4 Bxc3 13. bxc3 dxc4 14. Nxc4 Qc7
15. Bg3 Qd8 16. Nd6 Nb6 17. c4 Ne8 18. c5 Nd5 19. Rab1 Nxd6 20. Bxd6 Re8 21. Bf3
b6 22. Rfc1 Bb7 23. Qa4 Kh8 24. Bg3 Rc8 25. Qxa7 Qd7 26. Qa3 bxc5 27. dxc5 Bc6
28. Bd6 Ra8 29. Qb2 Ra4 30. Bd1 Ra5 31. Bb3 Rea8 32. Be5 f6 33. Bd6 Kg8 34. Qd4
Ra3 35. Re1 Kh8 36. Rbd1 R3a7 37. Qd3 Qf7 38. f3 Kg8 39. Bc2 f5 40. Bb3 Kh7 41.
Re2 Re8 42. Rde1 Raa8 43. Qd4 Ra6 44. Qc4 Raa8 45. Qc2 Ra6 46. Qc1 Raa8 47. Rb2
Qg6 48. Bc4 Ra4 49. Qc2 Rea8 50. Bb3 R4a7 51. Qe2 Re8 52. Bc4 Ra3 53. Rb3 Ra4
54. Bb5 Bxb5 55. Qxb5 Rea8 56. a3 Rxa3 57. Rxa3 Rxa3 58. Qc4 Rc3 59. Qf1 Rc2 60.
Re2 Rc4 61. Qe1 Qg5 62. Qd2 Rc1+ 63. Kf2 Qh4+ 64. Bg3 Qc4 65. h4 Qxc5+ 66. Re3
Qxe3+ 67. Qxe3 Nxe3 68. Kxe3 Rc2 69. Be5 Rxg2 70. Kf4 g5+ 71. hxg5 hxg5+ 72. Ke3
Kg6 73. Bd6 Ra2 74. Be5 Ra3+ 75. Kf2 f4 76. Bd6 Kf5 77. Bxa3 g4 78. fxg4+ Kxg4
79. Bd6 1/2-1/2

[Event "World Blitz Women 2017"]
[Site "Riyadh KSA"]
[Date "2017.12.30"]
[Round "18.12"]
[White "Paehtz, Elisabeth"]
[Black "Pham, Le Thao Nguyen"]
[Result "0-1"]
[WhiteTitle "IM"]
[BlackTitle "IM"]
[WhiteElo "2464"]
[BlackElo "2354"]
[WhiteFideId "4641833"]
[BlackFideId "12401226"]
[EventDate "2017.12.29"]

1. e4 c5 2. Nf3 e6 3. d4 cxd4 4. Nxd4 a6 5. c4 Qc7 6. Nc3 Nf6 7. Qf3 Nc6 8. Nxc6
dxc6 9. g4 e5 10. g5 Nd7 11. Be3 Nc5 12. O-O-O Ne6 13. h4 Bc5 14. Qg3 Bxe3+ 15.
fxe3 Bd7 16. Qf3 b5 17. Rg1 Nc5 18. h5 Be6 19. Kb1 Rb8 20. cxb5 axb5 21. h6 g6
22. Bh3 b4 23. Ne2 Qe7 24. Bxe6 Qxe6 25. Rc1 Ra8 26. Rxc5 Qxa2+ 27. Kc1 Qa1+ 28.
Kd2 Rd8+ 29. Nd4 Qxb2+ 30. Rc2 Rxd4+ 31. exd4 Qxd4+ 32. Qd3 Qxg1 33. Qd6 Qxg5+
34. Ke2 Qg4+ 35. Kd2 Qf4+ 36. Kd1 Qf3+ 37. Kd2 Qf2+ 38. Kd1 Qd4+ 39. Qxd4 exd4
40. Rxc6 Ke7 41. Rc4 Rd8 42. Rxb4 Ke6 43. Kd2 d3 44. Rb6+ Ke5 45. Rb7 Kf6 46.
e5+ Ke6 47. Rc7 Rd5 48. Rc8 Rxe5 49. Rh8 Kf6 50. Rxh7 Rh5 51. Kxd3 g5 52. Ke4
Kg6 53. Rg7+ Kf6 54. Rh7 Rh4+ 55. Kf3 Ke6 56. Rg7 f6 57. h7 Kf5 58. Rb7 Rh3+ 59.
Kg2 g4 60. Rc7 Kg6 61. Rd7 Rxh7 62. Rd4 Kg5 63. Rd5+ f5 64. Rc5 Ra7 65. Rb5 Ra2+
66. Kg3 Ra3+ 67. Kg2 Ra4 68. Rc5 Kf4 69. Rc2 Re4 70. Rb2 g3 71. Rc2 Kg4 72. Rb2
f4 73. Rb8 f3+ 74. Kf1 g2+ 75. Kf2 Re2+ 0-1

[Event "World Blitz Women 2017"]
[Site "Riyadh KSA"]
[Date "2017.12.30"]
[Round "18.13"]
[White "Harika, Dronavalli"]
[Black "Javakhishvili, Lela"]
[Result "0-1"]
[WhiteTitle "GM"]
[BlackTitle "IM"]
[WhiteElo "2504"]
[BlackElo "2449"]
[WhiteFideId "5015197"]
[BlackFideId "13601458"]
[EventDate "2017.12.29"]

1. c4 Nf6 2. Nc3 e5 3. Nf3 Nc6 4. e3 d5 5. cxd5 Nxd5 6. Bb5 Nxc3 7. bxc3 Bd6 8.
d4 exd4 9. cxd4 O-O 10. O-O Bg4 11. h3 Bh5 12. Bb2 Ne7 13. Be2 c5 14. e4 Qb6 15.
Rb1 Bg6 16. dxc5 Qxc5 17. Rc1 Qb6 18. Bd4 Qd8 19. Qd3 Bf4 20. Rcd1 Nc6 21. Bc5
Qxd3 22. Bxd3 Rfe8 23. Rfe1 Rad8 24. g3 Bd6 25. Bxd6 Rxd6 26. Bb1 Rxd1 27. Rxd1
f6 28. Rd7 Re7 29. Rxe7 Nxe7 30. Nd4 a6 31. f4 Bf7 32. Kf2 Nc8 33. e5 fxe5 34.
fxe5 Bd5 35. Ke3 Kf7 36. a3 g6 37. Be4 Bxe4 38. Kxe4 Nb6 39. Nb3 Nc4 40. a4 b5
41. axb5 axb5 42. Kd5 Ne3+ 43. Kd6 Nf5+ 44. Kd7 Ng7 45. Nd4 b4 46. Kd6 Nf5+ 47.
Kd5 Nxd4 48. Kxd4 Ke6 49. Kc4 Kxe5 50. Kxb4 Ke4 51. Kc4 Kf3 52. Kd5 Kxg3 0-1

[Event "World Blitz Women 2017"]
[Site "Riyadh KSA"]
[Date "2017.12.30"]
[Round "18.14"]
[White "Cori T., Deysi"]
[Black "Bodnaruk, Anastasia"]
[Result "1/2-1/2"]
[WhiteTitle "WGM"]
[BlackTitle "IM"]
[WhiteElo "2389"]
[BlackElo "2428"]
[WhiteFideId "3801934"]
[BlackFideId "4181751"]
[EventDate "2017.12.29"]

1. d4 Nf6 2. Nf3 g6 3. c3 Bg7 4. Bg5 O-O 5. Nbd2 d5 6. e3 b6 7. Be2 c5 8. h4 Nc6
9. Bb5 Bd7 10. a4 h5 11. Bxc6 Bxc6 12. Ne5 Bd7 13. Qf3 Be6 14. Qg3 Rc8 15. f3
Nd7 16. Nd3 f6 17. Bf4 Bf7 18. O-O c4 19. Nb4 e5 20. dxe5 Nxe5 21. Bxe5 fxe5 22.
f4 Qe7 23. f5 Kh7 24. Nf3 Bf6 25. fxg6+ Bxg6 26. Nxd5 Qd6 27. Nxf6+ Rxf6 28.
Ng5+ Kh6 29. Rxf6 Qxf6 30. Rf1 Qe7 31. Nf3 Re8 32. Kh2 Bd3 33. Rf2 Bg6 34. Ng5
Qd7 35. Rf6 Kg7 36. Rf2 Qg4 37. Nf3 Qxg3+ 38. Kxg3 Bd3 39. Ng5 Bg6 40. e4 Re7
41. Rd2 Rb7 42. Rd6 b5 43. axb5 Rxb5 44. Rd7+ Kh6 45. Rxa7 Rxb2 46. Rc7 Rd2 47.
Rxc4 Rd3+ 48. Kf2 Kg7 49. Rc7+ Kf6 50. Rc6+ Kg7 51. g3 Rd1 52. Rc5 Kf6 53. Rc6+
Kg7 54. Re6 Rc1 55. Rxe5 Rxc3 56. Re7+ Kf6 57. Re6+ Kg7 58. Rb6 Ra3 59. e5 Bf5
60. Ne6+ Kf7 61. Ng5+ Ke7 62. Rb7+ Ke8 63. e6 Ra6 64. Rb5 Bg4 65. Ke3 Ke7 66.
Kf4 Ra4+ 67. Ke5 Ra7 68. Rd5 Rb7 69. Ra5 Rc7 70. Kf4 Rc4+ 71. Ke5 Rc7 72. Rd5
Rb7 73. Rc5 Ra7 74. Ne4 Bxe6 75. Nf6 Bf7 76. Nd5+ Kf8 77. Nf4 Kg7 78. Kf5 Ra3
79. Rc7 Kf8 80. Kf6 Ra6+ 81. Kg5 Ra5+ 82. Kf6 Ra6+ 83. Kg5 Ra5+ 84. Kh6 Ra6+ 85.
Kg5 Ra5+ 86. Kf6 Ra6+ 87. Kf5 Ra5+ 88. Kf6 Ra6+ 89. Kg5 Ra5+ 90. Kh6 Ra6+ 91.
Kg5 Ra5+ 92. Kf6 1/2-1/2

[Event "World Blitz Women 2017"]
[Site "Riyadh KSA"]
[Date "2017.12.30"]
[Round "18.15"]
[White "Danielian, Elina"]
[Black "Voit, Daria"]
[Result "1-0"]
[WhiteTitle "GM"]
[BlackTitle "FM"]
[WhiteElo "2413"]
[BlackElo "2390"]
[WhiteFideId "13300210"]
[BlackFideId "4182146"]
[EventDate "2017.12.29"]

1. d4 Nf6 2. Nf3 e6 3. e3 b6 4. Bd3 Bb7 5. O-O d5 6. b3 Bd6 7. c4 O-O 8. Bb2 c6
9. Nbd2 Nbd7 10. Rc1 Qe7 11. Ne5 Rac8 12. f4 Ba3 13. Bxa3 Qxa3 14. Qc2 Rfd8 15.
Ndf3 c5 16. Ng5 dxc4 17. Nxc4 Qb4 18. a3 Qb5 19. Bxh7+ Kf8 20. Nxf7 Nxh7 21.
Nxd8 Rxd8 22. Qxh7 Nf6 23. Qh8+ Ng8 24. f5 e5 25. f6 Kf7 26. Nxe5+ Ke6 27. Qh3+ 1-0

[Event "World Blitz Women 2017"]
[Site "Riyadh KSA"]
[Date "2017.12.30"]
[Round "18.16"]
[White "Belenkaya, Dina"]
[Black "Hoang, Thanh Trang"]
[Result "0-1"]
[WhiteTitle "WGM"]
[BlackTitle "GM"]
[WhiteElo "2303"]
[BlackElo "2439"]
[WhiteFideId "24142654"]
[BlackFideId "12400149"]
[EventDate "2017.12.29"]

1. e4 e6 2. d4 d5 3. Nd2 Be7 4. Bd3 c5 5. c3 cxd4 6. cxd4 Nc6 7. Ngf3 dxe4 8.
Nxe4 Nf6 9. Nc3 O-O 10. O-O b6 11. Bg5 Bb7 12. Rc1 h6 13. Bh4 Rc8 14. Bb1 Nb4
15. a3 Nbd5 16. Ne5 Nxc3 17. Rxc3 Rxc3 18. bxc3 Nd5 19. Bxe7 Qxe7 20. Qc2 g6 21.
c4 Nf6 22. Qd2 Kg7 23. Qb4 Qc7 24. Rc1 Rd8 25. Rd1 Qxe5 26. Qb2 Qg5 27. f3 Bxf3
28. Qf2 Bxd1 0-1

[Event "World Blitz Women 2017"]
[Site "Riyadh KSA"]
[Date "2017.12.30"]
[Round "18.17"]
[White "Buksa, Nataliya"]
[Black "Batchimeg, Tuvshintugs"]
[Result "1-0"]
[WhiteTitle "WGM"]
[BlackTitle "IM"]
[WhiteElo "2385"]
[BlackElo "2398"]
[WhiteFideId "14123622"]
[BlackFideId "4900839"]
[EventDate "2017.12.29"]

1. d4 Nf6 2. Nc3 d6 3. e4 g6 4. f4 Bg7 5. Nf3 O-O 6. e5 Ne8 7. Be3 b6 8. Qd2 Bb7
9. O-O-O Bxf3 10. gxf3 dxe5 11. fxe5 e6 12. h4 h5 13. Bd3 c6 14. Rhg1 Qxh4 15.
Be4 Qe7 16. Bg5 Qd7 17. Bh6 Na6 18. Bxg7 Nxg7 19. Qh6 Nb4 20. Rg2 Nd5 21. Rdg1
Qe7 22. Bxg6 fxg6 23. Rxg6 Rf7 24. Ne4 Raf8 25. Nf6+ Nxf6 26. exf6 1-0

[Event "World Blitz Women 2017"]
[Site "Riyadh KSA"]
[Date "2017.12.30"]
[Round "18.18"]
[White "Guo, Qi"]
[Black "Khotenashvili, Bela"]
[Result "1/2-1/2"]
[WhiteTitle "IM"]
[BlackTitle "GM"]
[WhiteElo "2396"]
[BlackElo "2476"]
[WhiteFideId "8604002"]
[BlackFideId "13602640"]
[EventDate "2017.12.29"]

1. d4 g6 2. c4 Bg7 3. e4 c5 4. d5 d6 5. Nc3 e6 6. h3 Ne7 7. Nf3 O-O 8. Bd3 a6 9.
O-O e5 10. a3 h6 11. b4 Nd7 12. Nd2 f5 13. Nb3 b6 14. bxc5 bxc5 15. Be2 Ra7 16.
Rb1 Nf6 17. exf5 gxf5 18. f4 e4 19. Be3 Bd7 20. Qc2 Ng6 21. Kh1 Kh8 22. Rg1 Rg8
23. Nd2 Qa5 24. Nb3 Qd8 25. Nd2 Qa5 26. Nb3 Qc7 27. Nd2 Be8 28. Rb3 Ne7 29. Rgb1
Nh5 30. Bxh5 Bxh5 31. Rb6 Be8 32. Rb8 Ng6 33. Ne2 Bf6 34. g3 Ne7 35. Kh2 Bh5 36.
Rxg8+ Kxg8 37. g4 fxg4 38. Nxe4 Bg7 39. hxg4 Bxg4 40. Rg1 h5 41. Nf2 Qc8 42.
Nxg4 hxg4 43. Bd2 Nf5 44. Bc3 Nd4 45. Bxd4 cxd4 46. Qd3 Qc5 47. Rxg4 Re7 48.
Nxd4 Qb6 49. Ne6 Qb2+ 50. Rg2 Qf6 51. Nxg7 Qxf4+ 52. Qg3 Qh6+ 53. Qh3 Qf4+ 54.
Qg3 Qh6+ 55. Qh3 Qf4+ 56. Qg3 Qh6+ 57. Qh3 1/2-1/2

[Event "World Blitz Women 2017"]
[Site "Riyadh KSA"]
[Date "2017.12.30"]
[Round "18.20"]
[White "Huang, Qian"]
[Black "Mammadova, Gulnar"]
[Result "1-0"]
[WhiteTitle "WGM"]
[BlackTitle "IM"]
[WhiteElo "2438"]
[BlackElo "2357"]
[WhiteFideId "8602689"]
[BlackFideId "13403508"]
[EventDate "2017.12.29"]

1. d4 g6 2. Nf3 Bg7 3. g3 d6 4. Bg2 c6 5. O-O Nd7 6. e4 Qc7 7. b3 Ngf6 8. Re1
O-O 9. Bb2 e5 10. Nbd2 Re8 11. dxe5 dxe5 12. Nc4 Nh5 13. Qd6 Qxd6 14. Nxd6 Rd8
15. Ng5 Rf8 16. Rad1 Nb6 17. a4 a5 18. h3 f6 19. Nf3 Rd8 20. Ba3 Bf8 21. Nxc8
Raxc8 22. Bxf8 Kxf8 23. Kf1 Ng7 24. Ke2 Ne6 25. Ke3 c5 26. Bf1 Nd4 27. Rc1 c4
28. Nxd4 exd4+ 29. Kf3 Nd7 30. Red1 Ne5+ 31. Kg2 c3 32. f4 Nc6 33. Kf3 Nb4 34.
Bd3 Rc7 35. Ke2 Kg7 36. Ra1 Re7 37. Kf3 Rc8 38. Rac1 Rd8 39. Bc4 b6 40. h4 h5
41. Re1 Na2 42. Rcd1 Nb4 43. Re2 Nc6 44. Bd3 Nb4 45. Bb5 Rd6 46. Bc4 Rd8 47. e5
fxe5 48. fxe5 Rf8+ 49. Ke4 Nc6 50. Kd5 Rc8 51. e6 Nb4+ 52. Kd6 Ree8 53. e7 Rc6+
54. Kd7 Rcc8 55. Rxd4 Nc6 56. Rf4 Nb8+ 57. Kd6 Rc6+ 58. Kd5 Rc5+ 59. Kd4 Nc6+
60. Kxc3 Nb4 61. Rf7+ Kh6 62. Kb2 Rc7 63. Re6 Nc6 64. Rff6 Nxe7 65. Rf7 Rd8 66.
Rfxe7 Rxe7 67. Rxe7 Rd2 68. Re3 Rd6 69. Bd3 Kg7 70. c3 Kf6 71. b4 axb4 72. cxb4
g5 73. hxg5+ Kxg5 74. a5 bxa5 75. bxa5 Rd5 76. a6 Ra5 77. Kb3 Kg4 78. Kb4 Ra2
79. Bb5 Kf5 80. Ba4 Rb2+ 81. Rb3 Rxb3+ 82. Bxb3 Kg4 83. a7 Kxg3 84. a8=Q h4 85.
Qh1 h3 86. Kc3 h2 87. Kd2 Kh3 88. Qf3+ Kh4 89. Qg2 Kh5 90. Qxh2+ Kg4 91. Be6+
Kf3 92. Qh3+ Kf2 93. Bd5 1-0